Co to za małpa? - Statystyki

Ogólne statystyki
  • Ten quiz został rozwiązany 107 razy
    85 od ostatniego zresetowania
  • Średni wynik to 10 z 32
Statystyki odpowiedzi
Obrazkowy Odpowiedź % Poprawnych
Orangutan
97%
Lemur
95%
Goryl
79%
Nosacz
72%
Szympans
69%
Mandryl
67%
Kapucynka
64%
Makak
59%
Wyjec
59%
Pawian
51%
Lori
33%
Gibon
31%
Wyrak
26%
Dżelada
23%
Gereza
23%
Palczak
21%
Wari
18%
Duk
15%
Marmozeta
15%
Tamaryna
15%
Galago
13%
Koczkodan
13%
Langur
13%
Siamang
13%
Sifaka
13%
Indris
10%
Kotawiec
8%
Szatanka
8%
Hulok
5%
Ponocnica
5%
Saimiri
5%
Mangaba
3%
Nie znaleziono quizów pasujących do podanych kryteriów
Rozkład punktacji
Procent ludzi z każdym wynikiem
Percentyl według liczby udzielonych odpowiedzi
Twoja historia wyników
Nie rozwiązałeś tego quizu od ostatniego zresetowania